000 00592nam a2200205Ia 4500
003 GCL
005 20240530103646.0
008 140319s9999 xx 000 0 ara d
020 _a9770113468
040 _aGCL /
_cGCL
082 0 4 _a920.71
_bك ز
100 1 _aكامل الشناوى
245 1 0 _aزعماء وفنانون وأدباء /
_cكامل الشناوى
250 _aالثانية
260 _aالقاهرة:
_bدار المعارف،
_c1986
300 _a299 ص؛
_c16سم
650 0 4 _aالشعر العربى
650 0 4 _aالعصر الحديث
942 _2ddc
_cBK
999 _c41470
_d41470